Záväzky, rezervy, podmienené záväzky v účtovníctve podnikateľského subjektu diplomová práca

Na minha lista:
Detalhes bibliográficos
Autor principal: Tvrdá, Adriána
Autor Corporativo: Fakulta hospodárskej informatiky EU. Katedra účtovníctva a audítorstva
Outros Autores: Juhászová, Zuzana, 1970-
Formato: Livro
Idioma:eslovaco
Publicado em: Bratislava 2014
Tags: Adicionar Tag
Sem tags, seja o primeiro a adicionar uma tag!

MARC

LEADER 00000nbm a2200000 4500
001 0188588
005 20170201104605.2
041 0 |a slo 
044 |a SK 
245 1 0 |a Záväzky, rezervy, podmienené záväzky v účtovníctve podnikateľského subjektu  |b diplomová práca  |c Adriána Tvrdá ; školiteľ: Zuzana Juhászová 
264 1 |a Bratislava  |c 2014 
300 |a 66 s. 
100 1 |a Tvrdá, Adriána 
700 1 |a Juhászová, Zuzana, 1970- 
710 2 |a Fakulta hospodárskej informatiky EU. Katedra účtovníctva a audítorstva